000 00888nam a22002537a 4500
005 20110802103824.0
008 090728t xxu||||| |||| 00| 0 pun d
010 _aPUN-6899
020 _c275.00
_a9788182992207
035 _aPN-6017
037 _bDBAD / PUB
040 _adpl
_bpn
082 _a851
100 _924414
_aਵਰਮਾ, ਵੀਨਾ
245 _aਜੀਅ ਕਰਦੈ /
_cਵੀਨਾ ਵਰਮਾ
246 _aJee kardae
_bby Veena Verma
260 _aDelhi
_bArsee Publishers
_c2011
270 _a51, Parda bagh, Darya ganj,
_bNew Delhi-
_e110002
_k011-23280657
300 4 _a181 ਸਫੇ
_c22ਸੇਮੀ (ਸਜਿਲੱਦ)
650 _924412
650 _924431
942 _2ddc
_cPN
_h851
_mਵਰਮਾ
999 _c54803
_d54803